[Event "2024 US National High School (K-12) Championship"]
[Site "Baltimore, Maryland, United States"]
[Date "2024.04.06"]
[Round "4.27"]
[White "Hildago, Braden"]
[Black "Weis, Liam Gatlin"]
[Result "0-1"]
[TimeControl "G/90; d10"]
[WhiteElo "1060"]
[BlackElo "1175"]

1. e4 {[%clk 01:30:00]} {[%emt 00:00:02]} c5 {[%clk 01:30:00]} {[%emt
00:00:09]} 2. a3 {[%clk 01:29:38]} {[%emt 00:00:33]} Nc6 {[%clk 01:29:51]}
{[%emt 00:00:18]} 3. b4 {[%clk 01:29:17]} {[%emt 00:00:31]} cxb4 {[%clk
01:29:50]} {[%emt 00:00:12]} 4. axb4 {[%clk 01:29:01]} {[%emt 00:00:26]} Nxb4
{[%clk 01:28:48]} {[%emt 00:01:12]} 5. c3 {[%clk 01:28:57]} {[%emt 00:00:13]}
Nc6 {[%clk 01:28:35]} {[%emt 00:00:24]} 6. d4 {[%clk 01:24:39]} {[%emt
00:04:27]} d5 {[%clk 01:26:52]} {[%emt 00:01:54]} 7. exd5 {[%clk 01:24:26]}
{[%emt 00:00:23]} Qxd5 {[%clk 01:26:51]} {[%emt 00:00:11]} 8. Na3 {[%clk
01:24:14]} {[%emt 00:00:21]} Nf6 {[%clk 01:24:02]} {[%emt 00:03:00]} 9. Nf3
{[%clk 01:18:49]} {[%emt 00:05:35]} Bf5 {[%clk 01:20:50]} {[%emt 00:03:22]} 10.
Be2 {[%clk 01:11:27]} {[%emt 00:07:32]} e6 {[%clk 01:14:21]} {[%emt 00:06:40]}
11. O-O {[%clk 01:08:16]} {[%emt 00:03:20]} Be7 {[%clk 01:09:37]} {[%emt
00:04:54]} 12. Bf4 {[%clk 01:02:13]} {[%emt 00:06:12]} Qd7 {[%clk 01:05:27]}
{[%emt 00:04:20]} 13. Bb5 {[%clk 00:52:42]} {[%emt 00:09:41]} O-O {[%clk
01:02:42]} {[%emt 00:02:55]} 14. Ne5 {[%clk 00:49:12]} {[%emt 00:03:40]} Qc8
{[%clk 01:02:10]} {[%emt 00:00:42]} 15. Bxc6 {[%clk 00:45:00]} {[%emt
00:04:23]} bxc6 {[%clk 01:00:13]} {[%emt 00:02:07]} 16. Nac4 {[%clk 00:42:09]}
{[%emt 00:03:00]} Nd5 {[%clk 00:57:35]} {[%emt 00:02:48]} 17. Qd2 {[%clk
00:39:39]} {[%emt 00:02:40]} Rd8 {[%clk 00:53:47]} {[%emt 00:03:59]} 18. Na5
{[%clk 00:35:59]} {[%emt 00:03:51]} Bd6 {[%clk 00:48:37]} {[%emt 00:05:19]} 19.
Nac4 {[%clk 00:27:59]} {[%emt 00:08:10]} Bc7 {[%clk 00:45:14]} {[%emt
00:03:34]} 20. Bg3 {[%clk 00:23:02]} {[%emt 00:05:06]} f6 {[%clk 00:43:51]}
{[%emt 00:01:34]} 21. Nf3 {[%clk 00:21:45]} {[%emt 00:01:27]} c5 {[%clk
00:40:27]} {[%emt 00:03:34]} 22. Ne3 {[%clk 00:19:25]} {[%emt 00:02:29]} Be4
{[%clk 00:36:58]} {[%emt 00:03:39]} 23. Ra4 {[%clk 00:15:19]} {[%emt 00:04:17]}
Qb7 {[%clk 00:32:19]} {[%emt 00:04:49]} 24. Nxd5 {[%clk 00:14:11]} {[%emt
00:01:17]} Bxd5 {[%clk 00:32:14]} {[%emt 00:00:16]} 25. Bxc7 {[%clk 00:13:16]}
{[%emt 00:01:05]} Qxc7 {[%clk 00:32:08]} {[%emt 00:00:16]} 26. Ne1 {[%clk
00:12:09]} {[%emt 00:01:17]} Qc6 {[%clk 00:31:24]} {[%emt 00:00:53]} 27. Ra3
{[%clk 00:11:30]} {[%emt 00:00:49]} Bc4 {[%clk 00:30:08]} {[%emt 00:01:26]} 28.
Nd3 {[%clk 00:10:49]} {[%emt 00:00:52]} Qb5 {[%clk 00:29:58]} {[%emt 00:00:21]}
29. Rd1 {[%clk 00:10:14]} {[%emt 00:00:44]} cxd4 {[%clk 00:28:52]} {[%emt
00:01:16]} 30. cxd4 {[%clk 00:09:17]} {[%emt 00:01:07]} Rxd4 {[%clk 00:28:28]}
{[%emt 00:00:34]} 31. Qc2 {[%clk 00:09:04]} {[%emt 00:00:23]} Rad8 {[%clk
00:27:05]} {[%emt 00:01:33]} 32. h3 {[%clk 00:07:31]} {[%emt 00:01:43]} Rxd3
{[%clk 00:26:27]} {[%emt 00:00:50]} 33. Rdxd3 {[%clk 00:07:26]} {[%emt
00:00:15]} Bxd3 {[%clk 00:26:05]} {[%emt 00:00:32]} 34. Qc7 {[%clk 00:06:54]}
{[%emt 00:00:42]} Qb1+ {[%clk 00:26:01]} {[%emt 00:00:14]} 35. Kh2 {[%clk
00:06:54]} {[%emt 00:00:10]} Qb8 {[%clk 00:26:01]} {[%emt 00:00:05]} 36. Qxb8
{[%clk 00:06:45]} {[%emt 00:00:18]} Rxb8 {[%clk 00:26:01]} {[%emt 00:00:02]} 37.
Rxd3 {[%clk 00:06:45]} {[%emt 00:00:09]} Kf7 {[%clk 00:25:54]} {[%emt
00:00:17]} 38. Ra3 {[%clk 00:06:45]} {[%emt 00:00:10]} Ra8 {[%clk 00:25:51]}
{[%emt 00:00:13]} 39. f4 {[%clk 00:06:45]} {[%emt 00:00:09]} Ke7 {[%clk
00:25:49]} {[%emt 00:00:12]} 40. g3 {[%clk 00:06:39]} {[%emt 00:00:17]} a5
{[%clk 00:25:37]} {[%emt 00:00:22]} 41. Ra4 {[%clk 00:06:34]} {[%emt 00:00:15]}
Kd6 {[%clk 00:25:37]} {[%emt 00:00:03]} 42. Kg2 {[%clk 00:06:34]} {[%emt
00:00:09]} Kc5 {[%clk 00:25:37]} {[%emt 00:00:09]} 43. Kf2 {[%clk 00:06:29]}
{[%emt 00:00:15]} Kb5 {[%clk 00:25:37]} {[%emt 00:00:05]} 44. Ra1 {[%clk
00:06:28]} {[%emt 00:00:11]} Kb4 {[%clk 00:25:28]} {[%emt 00:00:19]} 45. Ke2
{[%clk 00:06:28]} {[%emt 00:00:09]} Kc3 {[%clk 00:25:15]} {[%emt 00:00:24]} 46.
Kd1 {[%clk 00:06:13]} {[%emt 00:00:25]} Kb2 {[%clk 00:25:15]} {[%emt 00:00:01]}
47. Rc1 {[%clk 00:06:12]} {[%emt 00:00:11]} Rd8+ {[%clk 00:25:15]} {[%emt
00:00:02]} 48. Ke2 {[%clk 00:06:09]} {[%emt 00:00:12]} Kxc1 {[%clk 00:25:15]}
{[%emt 00:00:03]} 49. Kf3 {[%clk 00:06:09]} {[%emt 00:00:07]} a4 {[%clk
00:25:15]} {[%emt 00:00:04]} 50. g4 {[%clk 00:06:09]} {[%emt 00:00:02]} a3
{[%clk 00:25:15]} {[%emt 00:00:03]} 51. h4 {[%clk 00:06:09]} {[%emt 00:00:04]}
a2 {[%clk 00:25:15]} {[%emt 00:00:02]} 52. g5 {[%clk 00:06:09]} {[%emt
00:00:02]} a1=Q {[%clk 00:25:15]} {[%emt 00:00:03]} 53. gxf6 {[%clk 00:06:09]}
{[%emt 00:00:05]} Qxf6 {[%clk 00:25:15]} {[%emt 00:00:06]} 54. h5 {[%clk
00:06:09]} {[%emt 00:00:04]} Qh4 {[%clk 00:25:15]} {[%emt 00:00:07]} 55. h6
{[%clk 00:06:09]} {[%emt 00:00:09]} Rd3+ {[%clk 00:25:15]} {[%emt 00:00:02]} 56.
Ke4 {[%clk 00:06:09]} {[%emt 00:00:03]} Qxh6 {[%clk 00:25:15]} {[%emt
00:00:08]} 57. f5 {[%clk 00:05:56]} {[%emt 00:00:24]} Qe3# {[%clk 00:25:15]}
{[%emt 00:00:06]} 0-1